Normal view
MARC view
- Voyages and travels
Entry Topical Term
001 - CONTROL NUMBER
- control field: 46118
003 - CONTROL NUMBER IDENTIFIER
- control field: NUST
005 - DATE AND TIME OF LATEST TRANSACTION
- control field: 20210314133425.0
008 - FIXED-LENGTH DATA ELEMENTS
- fixed length control field: 210314|| aca||aabn | a|a d
040 ## - CATALOGING SOURCE
- Original cataloging agency: NUST
- Transcribing agency: NUST
150 ## - HEADING--TOPICAL TERM
- Topical term or geographic name entry element: Voyages and travels
670 ## - SOURCE DATA FOUND
- Source citation: Work cat.: (NUST): Ibn Batuta, 46117, Ibn Batuta travels in Asia and Africa, 1325-1354 /, 1983.
